[Event "Beijing Sportaccord rap (Women)"]
[Site "Beijing"]
[Date "2013.12.12"]
[Round "3"]
[White "Koneru, Humpy"]
[Black "Kosteniuk, Alexandra"]
[Result "1/2-1/2"]
[WhiteElo "2607"]
[BlackElo "2527"]
[PlyCount "85"]
[EventDate "2013.12.12"]
[EventType "swiss (rapid)"]
[EventRounds "7"]
[EventCountry "CHN"]
[SourceTitle "CBM 157 Extra"]
[Source "ChessBase"]
[SourceDate "2013.12.19"]
[SourceVersion "1"]
[SourceVersionDate "2013.12.19"]
[SourceQuality "1"]

1. Nf3 d5 2. d4 Nf6 3. c4 e6 4. e3 c5 5. a3 cxd4 6. exd4 Nc6 7. Nc3 Be7 8. c5
Ne4 9. Qc2 f5 10. Bb5 Bd7 11. O-O O-O 12. Bxc6 Bxc6 13. Ne5 Bf6 14. Nxc6 bxc6
15. Ne2 e5 16. dxe5 Bxe5 17. Bf4 Qb8 18. Bxe5 Qxe5 19. f3 Nxc5 20. Qxc5 Qxe2
21. Qxc6 Qxb2 22. Qxd5+ Kh8 23. Qa2 Qd4+ 24. Qf2 Qa4 25. Rfe1 Rae8 26. Qc5 h6
27. Rac1 Rxe1+ 28. Rxe1 Rd8 29. h3 Qd4+ 30. Qxd4 Rxd4 31. Re5 Ra4 32. Rxf5 Rxa3
33. Kf2 Kh7 34. g4 g5 35. Kg3 a5 36. h4 Kg6 37. hxg5 hxg5 38. Rb5 a4 39. Rb6+
Kf7 40. Rb5 Kf6 41. Rb6+ Kf7 42. Rb5 Kf6 43. Rb6+ 1/2-1/2

[Event "Beijing Sportaccord rap (Women)"]
[Site "Beijing"]
[Date "2013.12.12"]
[Round "4"]
[White "Gunina, Valentina"]
[Black "Kosteniuk, Alexandra"]
[Result "1-0"]
[WhiteElo "2509"]
[BlackElo "2527"]
[PlyCount "65"]
[EventDate "2013.12.12"]
[EventType "swiss (rapid)"]
[EventRounds "7"]
[EventCountry "CHN"]
[SourceTitle "CBM 157 Extra"]
[Source "ChessBase"]
[SourceDate "2013.12.19"]
[SourceVersion "1"]
[SourceVersionDate "2013.12.19"]
[SourceQuality "1"]

1. d4 Nf6 2. c4 e6 3. Nc3 Bb4 4. Qc2 d5 5. cxd5 exd5 6. Bg5 c5 7. dxc5 h6 8.
Bh4 Be6 9. e3 O-O 10. Nf3 Nc6 11. Be2 Bxc5 12. O-O Rc8 13. Rfd1 Be7 14. Rac1
Qa5 15. Qb1 Rfd8 16. a3 a6 17. Nd4 Nxd4 18. Rxd4 b5 19. Qa1 g5 20. Bg3 Ne4 21.
Nxe4 dxe4 22. b4 Qb6 23. Rxd8+ Qxd8 24. Rd1 Qb6 25. Qe5 Qc6 26. h3 Bf8 27. Qd4
Qc2 28. Bh5 Qc4 29. Qa7 Qc6 30. Kh2 Ra8 31. Qd4 a5 32. Qf6 Bg7 33. Bxf7+ 1-0

[Event "Beijing Sportaccord rap (Women)"]
[Site "Beijing"]
[Date "2013.12.13"]
[Round "6"]
[White "Dzagnidze, Nana"]
[Black "Kosteniuk, Alexandra"]
[Result "1-0"]
[WhiteElo "2557"]
[BlackElo "2527"]
[PlyCount "109"]
[EventDate "2013.12.12"]
[EventType "swiss (rapid)"]
[EventRounds "7"]
[EventCountry "CHN"]
[SourceTitle "CBM 157 Extra"]
[Source "ChessBase"]
[SourceDate "2013.12.19"]
[SourceVersion "1"]
[SourceVersionDate "2013.12.19"]
[SourceQuality "1"]

1. d4 d5 2. c4 e6 3. Nc3 Be7 4. cxd5 exd5 5. Bf4 c6 6. Qc2 Nf6 7. e3 Nh5 8. Bg3
g6 9. Bd3 Nd7 10. Nge2 f5 11. Nf4 Ndf6 12. Nxh5 Nxh5 13. Be5 O-O 14. f3 Bd6 15.
O-O-O Bxe5 16. dxe5 Qe7 17. f4 Be6 18. Kb1 Rab8 19. Be2 Ng7 20. h3 b5 21. Bf3
Rfd8 22. Rd2 b4 23. Na4 Rdc8 24. Nc5 Bf7 25. Rc1 a5 26. b3 Qa7 27. g4 a4 28.
Be2 axb3 29. axb3 Ra8 30. Qb2 Qe7 31. Bd3 Ra5 32. Rdc2 Be8 33. gxf5 gxf5 34.
Qd4 Rca8 35. Rg2 Bg6 36. Rcc2 Qh4 37. Na4 Ne6 38. Qxb4 c5 39. Qb6 Nf8 40. Rxc5
Rxa4 41. bxa4 Qxh3 42. Re2 Rxa4 43. Qb3 Qh1+ 44. Kc2 Qa1 45. Kd2 Ra2+ 46. Rc2
Ra5 47. Re1 Qa4 48. Qxa4 Rxa4 49. Rg1 Kf7 50. Rc7+ Ke6 51. Bb5 Rb4 52. Ra1 d4
53. Ra6+ Kd5 54. Rd6+ Ke4 55. Bc6# 1-0

[Event "Beijing Sportaccord rap (Women)"]
[Site "Beijing"]
[Date "2013.12.13"]
[Round "7"]
[White "Kosteniuk, Alexandra"]
[Black "Paehtz, Elisabeth"]
[Result "0-1"]
[WhiteElo "2527"]
[BlackElo "2452"]
[PlyCount "144"]
[EventDate "2013.12.12"]
[EventType "swiss (rapid)"]
[EventRounds "7"]
[EventCountry "CHN"]
[SourceTitle "CBM 157 Extra"]
[Source "ChessBase"]
[SourceDate "2013.12.19"]
[SourceVersion "1"]
[SourceVersionDate "2013.12.19"]
[SourceQuality "1"]

1. e4 g6 2. d4 Bg7 3. Nc3 d6 4. f4 a6 5. Nf3 Nd7 6. e5 e6 7. exd6 cxd6 8. Be3
Ne7 9. Qd2 Nf6 10. Bc4 b5 11. Bb3 Bb7 12. Qe2 O-O 13. O-O b4 14. Nd1 Nf5 15. a3
Ng4 16. c3 bxc3 17. bxc3 a5 18. Bd2 Qb6 19. Bc4 Bxf3 20. gxf3 Nf6 21. Nf2 Nh5
22. Rab1 Qd8 23. Nh3 Qh4 24. Qg2 d5 25. Bd3 Bh6 26. Qg4 Qe7 27. a4 Rab8 28. Ng5
Bg7 29. Qg2 Qd6 30. Bb5 Nxf4 31. Qg4 Nh5 32. Nh3 Qe7 33. Nf2 Bh6 34. f4 Qc7 35.
Nd1 Nf6 36. Qf3 Ne4 37. Be1 Nfd6 38. Nf2 Nxf2 39. Rxf2 Ne4 40. Rf1 Rfc8 41. Rb3
Nd6 42. Bd2 Rb6 43. Qh3 Bg7 44. Qd3 Rcb8 45. Rfb1 Ne4 46. Be3 Bh6 47. Rf1 Nd6
48. Bd2 Qb7 49. Rfb1 Qe7 50. Qh3 Kg7 51. Bc1 Qf6 52. Qg4 Ne4 53. Be3 Rc8 54.
Rc1 Rb7 55. c4 dxc4 56. Ra3 Qe7 57. Ra2 Nf6 58. Qf3 Rbc7 59. Bd2 c3 60. Rxc3
Nd5 61. Rb3 Rc2 62. Rbb2 Rxb2 63. Rxb2 Qf6 64. Qe4 Bxf4 65. Bxf4 Nxf4 66. Qe3
Nd5 67. Qe5 Rc1+ 68. Kg2 Nf4+ 69. Kf3 Rc3+ 70. Ke4 Nd5 71. Bd3 Ra3 72. h4 Qxe5+
0-1

[Event "Beijing Sportaccord blitz (Women)"]
[Site "Beijing"]
[Date "2013.12.14"]
[Round "1"]
[White "Ju, Wenjun"]
[Black "Kosteniuk, Alexandra"]
[Result "1-0"]
[WhiteElo "2514"]
[BlackElo "2527"]
[PlyCount "83"]
[EventDate "2013.12.14"]
[EventType "tourn (blitz)"]
[EventRounds "30"]
[EventCountry "CHN"]
[EventCategory "12"]
[SourceTitle "CBM 157 Extra"]
[Source "ChessBase"]
[SourceDate "2013.12.19"]
[SourceVersion "1"]
[SourceVersionDate "2013.12.19"]
[SourceQuality "1"]

1. Nf3 d5 2. c4 e6 3. g3 dxc4 4. Qa4+ Nd7 5. Bg2 a6 6. Qxc4 b5 7. Qc2 Bb7 8. a4
Bd6 9. O-O Ngf6 10. Nc3 b4 11. Nb1 O-O 12. d3 a5 13. Nbd2 Nb6 14. b3 Qe7 15.
Bb2 e5 16. e4 Rfe8 17. Nh4 g6 18. Rac1 Ba6 19. Rfd1 Rad8 20. Nf1 Nfd7 21. Ne3
Nc5 22. Nf3 Ncd7 23. d4 Rc8 24. dxe5 Nxe5 25. Nxe5 Bxe5 26. Bxe5 Qxe5 27. f4
Qg7 28. e5 h5 29. Bh3 Bb7 30. Bxc8 Rxc8 31. Qc5 h4 32. g4 Qh6 33. Rd4 h3 34.
Rcd1 Qh4 35. e6 fxe6 36. Qe5 Qe7 37. f5 c5 38. Rd6 Rc6 39. Rd8+ Kf7 40. fxg6+
Kxg6 41. Qh5+ Kf6 42. Rf1+ 1-0

[Event "Beijing Sportaccord blitz (Women)"]
[Site "Beijing"]
[Date "2013.12.14"]
[Round "2"]
[White "Kosteniuk, Alexandra"]
[Black "Paehtz, Elisabeth"]
[Result "1/2-1/2"]
[WhiteElo "2527"]
[BlackElo "2452"]
[PlyCount "189"]
[EventDate "2013.12.14"]
[EventType "tourn (blitz)"]
[EventRounds "30"]
[EventCountry "CHN"]
[EventCategory "12"]
[SourceTitle "CBM 157 Extra"]
[Source "ChessBase"]
[SourceDate "2013.12.19"]
[SourceVersion "1"]
[SourceVersionDate "2013.12.19"]
[SourceQuality "1"]

1. e4 g6 2. d4 Bg7 3. Nc3 d6 4. Be3 a6 5. Nf3 Nd7 6. Qd2 b5 7. a4 b4 8. Ne2 Rb8
9. Ng3 c5 10. a5 Qc7 11. Bc4 e6 12. Qe2 cxd4 13. Bxd4 Bxd4 14. Nxd4 Nc5 15. h4
h5 16. Nf3 Nf6 17. Ng5 O-O 18. O-O Bb7 19. Rfd1 Kg7 20. Qd2 d5 21. exd5 exd5
22. Be2 Nce4 23. N5xe4 dxe4 24. Qxb4 e3 25. Qc3 exf2+ 26. Kh2 Qxc3 27. bxc3 Bc8
28. Rf1 Rb2 29. Rac1 Ra2 30. Rxf2 Rxa5 31. Rf4 Be6 32. c4 Rc8 33. Rcf1 Nd7 34.
Ne4 Ne5 35. Ng5 Bxc4 36. Bxc4 Rxc4 37. Rxc4 Nxc4 38. Rxf7+ Kg8 39. Rc7 Ne5 40.
Ne4 Ng4+ 41. Kg3 Ra3+ 42. c3 Ra5 43. c4 Kf8 44. c5 Ke8 45. Nd6+ Kf8 46. Nb7 Ra4
47. c6 Ne5 48. Rc8+ Ke7 49. Rc7+ Kf6 50. Nd6 Ra3+ 51. Kf2 Ra2+ 52. Kg3 Rc2 53.
Ne8+ Ke6 54. Ng7+ Kd6 55. Ne8+ Ke6 56. Ng7+ Kd5 57. Rd7+ Ke4 58. Re7 Rxc6 59.
Ne6 Rc3+ 60. Kf2 Rc2+ 61. Kg3 Rc3+ 62. Kf2 Ng4+ 63. Ke2 Rc2+ 64. Ke1 Ke5 65.
Ng5+ Kd6 66. Re6+ Kd5 67. Rxa6 Rxg2 68. Rxg6 Ke5 69. Rg8 Kf4 70. Rh8 Rg1+ 71.
Kd2 Rg2+ 72. Kc3 Nf6 73. Rf8 Ke5 74. Nf3+ Ke6 75. Nd4+ Ke7 76. Rh8 Rg3+ 77. Kc4
Rg4 78. Kc5 Rf4 79. Ra8 Kf7 80. Ra7+ Kg6 81. Nc6 Rxh4 82. Ne5+ Kf5 83. Nf3 Rf4
84. Nd4+ Kg4 85. Rg7+ Kh3 86. Ne6 Rf5+ 87. Kc4 Ng4 88. Nd4 Rf4 89. Kd3 Ne5+ 90.
Ke3 Rg4 91. Rh7 Nc4+ 92. Kd3 Ne5+ 93. Ke3 Nc4+ 94. Kd3 Ne5+ 95. Ke3 1/2-1/2

[Event "Beijing Sportaccord blitz (Women)"]
[Site "Beijing"]
[Date "2013.12.14"]
[Round "3"]
[White "Gunina, Valentina"]
[Black "Kosteniuk, Alexandra"]
[Result "1-0"]
[WhiteElo "2509"]
[BlackElo "2527"]
[PlyCount "79"]
[EventDate "2013.12.14"]
[EventType "tourn (blitz)"]
[EventRounds "30"]
[EventCountry "CHN"]
[EventCategory "12"]
[SourceTitle "CBM 157 Extra"]
[Source "ChessBase"]
[SourceDate "2013.12.19"]
[SourceVersion "1"]
[SourceVersionDate "2013.12.19"]
[SourceQuality "1"]

1. Nf3 Nf6 2. g3 b6 3. Bg2 Bb7 4. c4 c5 5. b3 g6 6. Bb2 Bg7 7. O-O O-O 8. d3 d5
9. e3 Na6 10. Qe2 Nc7 11. Nbd2 Rc8 12. Rfd1 b5 13. cxd5 Ncxd5 14. e4 Nb4 15. e5
Nfd5 16. Ne4 Qb6 17. a3 Nc6 18. e6 f6 19. d4 cxd4 20. Nxd4 Na5 21. b4 Nc4 22.
Nc5 Rxc5 23. bxc5 Qxc5 24. Rac1 a6 25. Nb3 Qd6 26. Bd4 Qxa3 27. Nc5 Ba8 28. Ra1
Qb4 29. Rdb1 Nc3 30. Qe1 Qxb1 31. Rxb1 Nxb1 32. Qxb1 Bxg2 33. Kxg2 Rd8 34. Nd7
Rc8 35. Qb4 Nd6 36. Bc5 Rc6 37. Qd4 f5 38. Qd5 Rc8 39. Bxd6 exd6 40. e7+ 1-0

[Event "Beijing Sportaccord blitz (Women)"]
[Site "Beijing"]
[Date "2013.12.14"]
[Round "4"]
[White "Kosteniuk, Alexandra"]
[Black "Zhao, Xue"]
[Result "0-1"]
[WhiteElo "2527"]
[BlackElo "2568"]
[PlyCount "86"]
[EventDate "2013.12.14"]
[EventType "tourn (blitz)"]
[EventRounds "30"]
[EventCountry "CHN"]
[EventCategory "12"]
[SourceTitle "CBM 157 Extra"]
[Source "ChessBase"]
[SourceDate "2013.12.19"]
[SourceVersion "1"]
[SourceVersionDate "2013.12.19"]
[SourceQuality "1"]

1. e4 Nf6 2. e5 Nd5 3. d4 d6 4. Nf3 c6 5. Bc4 dxe5 6. Nxe5 Nd7 7. O-O Nxe5 8.
dxe5 Bf5 9. Qe2 e6 10. Bb3 Bc5 11. Rd1 Qh4 12. Bxd5 exd5 13. Rf1 O-O 14. c3
Rae8 15. Nd2 f6 16. Nf3 Qh5 17. Be3 Rxe5 18. Qd2 Bxe3 19. fxe3 Re7 20. Nd4 Bg6
21. Rae1 Rfe8 22. b4 Qe5 23. a4 a5 24. b5 c5 25. Nf3 Qe6 26. c4 dxc4 27. Qxa5
b6 28. Qc3 Bd3 29. Rf2 Qd6 30. Qc1 Ra8 31. Ra2 Rea7 32. Qd1 Qe6 33. e4 Rd7 34.
e5 f5 35. Qc1 h6 36. Qf4 c3 37. Raa1 Be4 38. Rac1 Qb3 39. Qe3 Rd3 40. Qf4 Bxf3
41. gxf3 Qe6 42. Re3 Rd4 43. Qg3 f4 0-1

[Event "Beijing Sportaccord blitz (Women)"]
[Site "Beijing"]
[Date "2013.12.14"]
[Round "5"]
[White "Kosintseva, Tatiana"]
[Black "Kosteniuk, Alexandra"]
[Result "0-1"]
[WhiteElo "2496"]
[BlackElo "2527"]
[PlyCount "53"]
[EventDate "2013.12.14"]
[EventType "tourn (blitz)"]
[EventRounds "30"]
[EventCountry "CHN"]
[EventCategory "12"]
[SourceTitle "CBM 157 Extra"]
[Source "ChessBase"]
[SourceDate "2013.12.19"]
[SourceVersion "1"]
[SourceVersionDate "2013.12.19"]
[SourceQuality "1"]

1. e4 c5 2. Nf3 d6 3. d4 cxd4 4. Nxd4 Nf6 5. Nc3 Nc6 6. Bg5 e6 7. Qd2 a6 8.
O-O-O h6 9. Nxc6 bxc6 10. Bf4 d5 11. Qe3 Bb4 12. Be2 O-O 13. e5 Nh7 14. h4 Qa5
15. Rh3 Bc5 16. Qf3 f6 17. exf6 Nxf6 18. Bd3 e5 19. Bxe5 Ne4 20. Nxe4 Rxf3 21.
Rxf3 dxe4 22. Bc4+ Kh7 23. Rf7 Be3+ 24. fxe3 Qxe5 25. Kb1 Bg4 26. Rdf1 Rd8 27.
a3 0-1

[Event "Beijing Sportaccord blitz (Women)"]
[Site "Beijing"]
[Date "2013.12.14"]
[Round "7"]
[White "Dzagnidze, Nana"]
[Black "Kosteniuk, Alexandra"]
[Result "0-1"]
[WhiteElo "2557"]
[BlackElo "2527"]
[PlyCount "66"]
[EventDate "2013.12.14"]
[EventType "tourn (blitz)"]
[EventRounds "30"]
[EventCountry "CHN"]
[EventCategory "12"]
[SourceTitle "CBM 157 Extra"]
[Source "ChessBase"]
[SourceDate "2013.12.19"]
[SourceVersion "1"]
[SourceVersionDate "2013.12.19"]
[SourceQuality "1"]

1. c4 e5 2. Nc3 Nf6 3. g3 d5 4. cxd5 Nxd5 5. Bg2 Nb6 6. d3 Be7 7. Nf3 Nc6 8.
O-O O-O 9. b3 Be6 10. Bb2 f6 11. Nd2 Qd7 12. Rc1 Bh3 13. Nce4 Bxg2 14. Kxg2 Nb4
15. a3 N4d5 16. Nc5 Qg4 17. Nf3 Bxc5 18. Rxc5 c6 19. b4 Rad8 20. Qb3 Kh8 21. b5
Nf4+ 22. Kh1 Nxe2 23. Nd2 cxb5 24. Re1 Nd4 25. Qd1 Qxd1 26. Rxd1 Ne6 27. Rc3
Na4 28. Rb3 Nec5 29. Rxb5 Nxd3 30. Ne4 Naxb2 31. Rb1 b6 32. Kg2 Nc4 33. R5b3 f5
0-1

[Event "Beijing Sportaccord blitz (Women)"]
[Site "Beijing"]
[Date "2013.12.14"]
[Round "8"]
[White "Kosteniuk, Alexandra"]
[Black "Koneru, Humpy"]
[Result "1-0"]
[WhiteElo "2527"]
[BlackElo "2607"]
[PlyCount "79"]
[EventDate "2013.12.14"]
[EventType "tourn (blitz)"]
[EventRounds "30"]
[EventCountry "CHN"]
[EventCategory "12"]
[SourceTitle "CBM 157 Extra"]
[Source "ChessBase"]
[SourceDate "2013.12.19"]
[SourceVersion "1"]
[SourceVersionDate "2013.12.19"]
[SourceQuality "1"]

1. e4 e5 2. Nf3 Nc6 3. Nc3 Nf6 4. Be2 Bb4 5. Nd5 Bc5 6. d3 h6 7. c3 O-O 8. b4
Bd6 9. O-O Nxd5 10. exd5 Ne7 11. Qb3 c6 12. dxc6 dxc6 13. Re1 Be6 14. Qc2 a5
15. bxa5 Rxa5 16. c4 Nf5 17. Bd2 Ra7 18. Qb2 Qc7 19. Bc3 f6 20. Nd2 Ba3 21. Qc2
Bc5 22. Nb3 Qd6 23. Nxc5 Qxc5 24. Qb2 Rfa8 25. Bg4 Qd6 26. d4 exd4 27. Bxf5
Bxf5 28. Bxd4 c5 29. Be3 Qc6 30. h3 Ra4 31. Rec1 Bd3 32. Qb3 Be4 33. Rc3 Bxg2
34. Bxh6 Kh7 35. Rg3 gxh6 36. Rxg2 Qe4 37. Rd1 Rg8 38. Rd7+ Kh8 39. Rxg8+ Kxg8
40. Qg3+ 1-0

[Event "Beijing Sportaccord blitz (Women)"]
[Site "Beijing"]
[Date "2013.12.14"]
[Round "9"]
[White "Hou, Yifan"]
[Black "Kosteniuk, Alexandra"]
[Result "1-0"]
[WhiteElo "2629"]
[BlackElo "2527"]
[PlyCount "107"]
[EventDate "2013.12.14"]
[EventType "tourn (blitz)"]
[EventRounds "30"]
[EventCountry "CHN"]
[EventCategory "12"]
[SourceTitle "CBM 157 Extra"]
[Source "ChessBase"]
[SourceDate "2013.12.19"]
[SourceVersion "1"]
[SourceVersionDate "2013.12.19"]
[SourceQuality "1"]

1. e4 c5 2. Nf3 Nc6 3. Nc3 d6 4. d4 cxd4 5. Nxd4 Nf6 6. Bc4 e6 7. Be3 a6 8. Qe2
Qc7 9. O-O-O Na5 10. Bd3 b5 11. g4 Be7 12. g5 Nd7 13. f4 b4 14. Nb1 Nc5 15. Nd2
e5 16. Nf5 O-O 17. Nxe7+ Qxe7 18. f5 Nxd3+ 19. Qxd3 Bb7 20. h4 Rfc8 21. Bb6 Nc6
22. Nc4 Nd4 23. Bxd4 exd4 24. Rhe1 d5 25. Nb6 dxe4 26. Nxc8 Rxc8 27. Qxd4 a5
28. Qd7 Qc5 29. Qd8+ Qf8 30. Qxf8+ Kxf8 31. Rd7 Bc6 32. Ra7 Bb5 33. Kd2 Rd8+
34. Ke3 a4 35. Rb7 Rd5 36. Kxe4 Bc6 37. Rb8+ Ke7 38. Kf4+ Kd6 39. Rxb4 Rd2 40.
Rc4 Rf2+ 41. Ke3 Rxf5 42. Rd1+ Kc7 43. Rf4 Re5+ 44. Kd2 Re7 45. Rdf1 Rd7+ 46.
Kc3 Bb5 47. R1f2 f6 48. gxf6 gxf6 49. Rxf6 Rd5 50. Rf7+ Kb6 51. R2f6+ Bc6 52.
b4 Rh5 53. Re7 Kb5 54. Ree6 1-0

[Event "Beijing Sportaccord blitz (Women)"]
[Site "Beijing"]
[Date "2013.12.14"]
[Round "10"]
[White "Kosteniuk, Alexandra"]
[Black "Cmilyte, Viktorija"]
[Result "1/2-1/2"]
[WhiteElo "2527"]
[BlackElo "2514"]
[PlyCount "44"]
[EventDate "2013.12.14"]
[EventType "tourn (blitz)"]
[EventRounds "30"]
[EventCountry "CHN"]
[EventCategory "12"]
[SourceTitle "CBM 157 Extra"]
[Source "ChessBase"]
[SourceDate "2013.12.19"]
[SourceVersion "1"]
[SourceVersionDate "2013.12.19"]
[SourceQuality "1"]

1. e4 c5 2. Nf3 d6 3. d4 Nf6 4. Nc3 cxd4 5. Nxd4 g6 6. Be2 Bg7 7. O-O O-O 8.
Be3 Nc6 9. Nb3 b6 10. f3 Bb7 11. Qd2 Rc8 12. Bh6 Ne5 13. Bxg7 Kxg7 14. Nd4 Nc4
15. Qc1 d5 16. exd5 Nxd5 17. Nxd5 Qxd5 18. c3 e5 19. Nf5+ gxf5 20. Qg5+ Kh8 21.
Qf6+ Kg8 22. Qg5+ Kh8 1/2-1/2

[Event "Beijing Sportaccord blitz (Women)"]
[Site "Beijing"]
[Date "2013.12.15"]
[Round "11"]
[White "Muzychuk, Anna"]
[Black "Kosteniuk, Alexandra"]
[Result "1/2-1/2"]
[WhiteElo "2566"]
[BlackElo "2527"]
[PlyCount "126"]
[EventDate "2013.12.14"]
[EventType "tourn (blitz)"]
[EventRounds "30"]
[EventCountry "CHN"]
[EventCategory "12"]
[SourceTitle "CBM 157 Extra"]
[Source "ChessBase"]
[SourceDate "2013.12.19"]
[SourceVersion "1"]
[SourceVersionDate "2013.12.19"]
[SourceQuality "1"]

1. e4 c5 2. Nf3 Nc6 3. Bb5 Nf6 4. Nc3 g6 5. e5 Ng4 6. Bxc6 dxc6 7. h3 Nh6 8. g4
Bg7 9. d3 f6 10. Qe2 O-O 11. Be3 Qa5 12. O-O-O fxe5 13. Ng5 Nf7 14. Nge4 b6 15.
Kb1 Nd6 16. h4 Be6 17. b3 Nb5 18. Nxb5 cxb5 19. h5 c4 20. dxc4 bxc4 21. hxg6
hxg6 22. Bh6 cxb3 23. cxb3 Qb4 24. Bxg7 Kxg7 25. Ng5 Qxg4 26. Qxe5+ Rf6 27.
Rh7+ Kg8 28. Rdh1 Qf5+ 29. Qxf5 Bxf5+ 30. Kb2 Rff8 31. Rxe7 Rfe8 32. Rhh7 Rxe7
33. Rxe7 a5 34. Ne6 a4 35. Nd4 a3+ 36. Kc3 Bb1 37. Re1 Rc8+ 38. Kb4 Bd3 39. Re6
Rd8 40. Kc3 Bb1 41. Rxb6 Rf8 42. f3 Bxa2 43. Rxg6+ Kf7 44. Rg1 Rc8+ 45. Kb4 Rd8
46. Nc6 Rd6 47. Ne5+ Ke6 48. Nc4 Rd3 49. Na5 Rxf3 50. Kxa3 Bxb3 51. Nxb3 Ke5
52. Kb4 Rf4+ 53. Kc5 Rf3 54. Re1+ Kf4 55. Nd4 Re3 56. Rh1 Ke4 57. Rh4+ Kd3 58.
Kd5 Rg3 59. Nf5 Rf3 60. Rd4+ Kc3 61. Nd6 Rd3 62. Nb5+ Kd2 63. Rxd3+ Kxd3
1/2-1/2

[Event "Beijing Sportaccord blitz (Women)"]
[Site "Beijing"]
[Date "2013.12.15"]
[Round "12"]
[White "Lagno, Kateryna"]
[Black "Kosteniuk, Alexandra"]
[Result "1-0"]
[WhiteElo "2543"]
[BlackElo "2527"]
[PlyCount "105"]
[EventDate "2013.12.14"]
[EventType "tourn (blitz)"]
[EventRounds "30"]
[EventCountry "CHN"]
[EventCategory "12"]
[SourceTitle "CBM 157 Extra"]
[Source "ChessBase"]
[SourceDate "2013.12.19"]
[SourceVersion "1"]
[SourceVersionDate "2013.12.19"]
[SourceQuality "1"]

1. e4 c5 2. Nf3 Nc6 3. Bb5 Nf6 4. e5 Ng4 5. Bxc6 dxc6 6. Nc3 g6 7. h3 Nh6 8. d3
Nf5 9. Bf4 Nd4 10. Ne4 Bg7 11. c3 Nxf3+ 12. Qxf3 Qd5 13. Qe3 Bxe5 14. Bxe5 Qxe5
15. Qxc5 Qxc5 16. Nxc5 b6 17. Ne4 Bf5 18. O-O-O O-O-O 19. Rhe1 h6 20. d4 Be6
21. b3 Rd7 22. Nd2 Rhd8 23. Nf3 Rd6 24. Ne5 g5 25. g4 Kc7 26. f3 a5 27. Nc4
R6d7 28. Ne3 a4 29. Kb2 c5 30. d5 Bxd5 31. Nxd5+ Rxd5 32. Rxe7+ Kc6 33. Rxd5
Rxd5 34. Rxf7 axb3 35. Kxb3 Rd6 36. a4 Re6 37. f4 gxf4 38. Rxf4 Kd5 39. Rf5+
Kc6 40. h4 b5 41. a5 Re2 42. Rf6+ Kd5 43. a6 c4+ 44. Kb4 Rb2+ 45. Ka5 b4 46.
cxb4 c3 47. Rf8 Kc4 48. Rc8+ Kb3 49. b5 Ra2+ 50. Kb6 c2 51. Kb7 Ra4 52. Rxc2
Kxc2 53. a7 1-0

[Event "Beijing Sportaccord blitz (Women)"]
[Site "Beijing"]
[Date "2013.12.15"]
[Round "13"]
[White "Kosteniuk, Alexandra"]
[Black "Ushenina, Anna"]
[Result "1/2-1/2"]
[WhiteElo "2527"]
[BlackElo "2501"]
[PlyCount "106"]
[EventDate "2013.12.14"]
[EventType "tourn (blitz)"]
[EventRounds "30"]
[EventCountry "CHN"]
[EventCategory "12"]
[SourceTitle "CBM 157 Extra"]
[Source "ChessBase"]
[SourceDate "2013.12.19"]
[SourceVersion "1"]
[SourceVersionDate "2013.12.19"]
[SourceQuality "1"]

1. e4 c5 2. c3 d5 3. exd5 Qxd5 4. d4 Nc6 5. Nf3 Bf5 6. Be3 e6 7. Na3 cxd4 8.
Nb5 O-O-O 9. Nfxd4 Nxd4 10. Nxd4 Bc5 11. Qb3 Bxd4 12. Bxd4 Nf6 13. O-O-O Qxb3
14. axb3 a6 15. f3 Rhe8 16. Be2 e5 17. Bb6 Rxd1+ 18. Rxd1 Nd7 19. Be3 f6 20. b4
Kc7 21. b5 axb5 22. Bxb5 Rd8 23. h4 Be6 24. Kc2 Bf5+ 25. Bd3 Bxd3+ 26. Rxd3 Ra8
27. Rd1 Ra4 28. Bf2 h6 29. Kb3 Ra6 30. c4 Nb8 31. Bc5 Nc6 32. Kc3 g5 33. hxg5
hxg5 34. Rh1 Nd8 35. Rh7+ Kc8 36. Be7 Re6 37. b4 b6 38. b5 Nb7 39. Kb4 g4 40.
Rf7 gxf3 41. gxf3 e4 42. Rf8+ Kd7 43. Bxf6 exf3 44. Bd4 Re4 45. Rf7+ Kc8 46.
Rf8+ Kd7 47. Kc3 Nd6 48. Rxf3 Ke6 49. Re3 Kd7 50. Kd3 Rxe3+ 51. Bxe3 Ne4 52.
Kxe4 Kc7 53. Kd5 Kb7 1/2-1/2

[Event "Beijing Sportaccord blitz (Women)"]
[Site "Beijing"]
[Date "2013.12.15"]
[Round "15"]
[White "Kosteniuk, Alexandra"]
[Black "Cramling, Pia"]
[Result "1/2-1/2"]
[WhiteElo "2527"]
[BlackElo "2525"]
[PlyCount "88"]
[EventDate "2013.12.14"]
[EventType "tourn (blitz)"]
[EventRounds "30"]
[EventCountry "CHN"]
[EventCategory "12"]
[SourceTitle "CBM 157 Extra"]
[Source "ChessBase"]
[SourceDate "2013.12.19"]
[SourceVersion "1"]
[SourceVersionDate "2013.12.19"]
[SourceQuality "1"]

1. e4 c5 2. c3 d5 3. exd5 Qxd5 4. d4 Nc6 5. Nf3 Bf5 6. Be3 Nf6 7. Na3 cxd4 8.
Nb5 O-O-O 9. Nbxd4 Nxd4 10. Bxd4 a6 11. Be2 e6 12. Qa4 Bc5 13. O-O Bxd4 14.
cxd4 Kb8 15. Rfd1 Be4 16. Qb4 Qd6 17. Qc3 Rc8 18. Qe3 Bd5 19. Ne5 Rc7 20. Rdc1
Rhc8 21. b3 h6 22. h3 Ne4 23. Nc4 Qe7 24. Nb6 Rxc1+ 25. Rxc1 Rxc1+ 26. Qxc1 Qc7
27. Qxc7+ Kxc7 28. Nxd5+ exd5 29. Bd3 Nc3 30. a3 a5 31. f3 b5 32. Kf2 b4 33.
axb4 axb4 34. Ke3 Kd6 35. Bc2 Nb5 36. Bd3 Nc7 37. Bf5 Ke7 38. h4 g6 39. Bd3 g5
40. Bf5 Kf6 41. Bd7 Ke7 42. Bf5 Kf6 43. Bd7 Ke7 44. Bf5 Kf6 1/2-1/2

[Event "Beijing Sportaccord blitz (Women)"]
[Site "Beijing"]
[Date "2013.12.15"]
[Round "16"]
[White "Kosteniuk, Alexandra"]
[Black "Ju, Wenjun"]
[Result "1-0"]
[WhiteElo "2527"]
[BlackElo "2514"]
[PlyCount "159"]
[EventDate "2013.12.14"]
[EventType "tourn (blitz)"]
[EventRounds "30"]
[EventCountry "CHN"]
[EventCategory "12"]
[SourceTitle "CBM 157 Extra"]
[Source "ChessBase"]
[SourceDate "2013.12.19"]
[SourceVersion "1"]
[SourceVersionDate "2013.12.19"]
[SourceQuality "1"]

1. e4 e5 2. Nf3 Nc6 3. Nc3 Nf6 4. Be2 d6 5. d4 exd4 6. Nxd4 Be7 7. O-O O-O 8.
f4 Nxd4 9. Qxd4 Re8 10. Bf3 Bf8 11. h3 a6 12. b3 g6 13. Bb2 Bg7 14. Qd3 Rb8 15.
Rae1 Be6 16. Ba1 b5 17. Rd1 b4 18. Ne2 Bd7 19. c4 bxc3 20. Nxc3 a5 21. Rfe1 Qc8
22. e5 dxe5 23. fxe5 Bf5 24. Qc4 Nd7 25. Nd5 Be6 26. Qf4 c6 27. Nf6+ Nxf6 28.
exf6 Bf8 29. Rc1 Bd7 30. Be5 Rb5 31. Bd6 Rf5 32. Qd4 Rxe1+ 33. Rxe1 c5 34. Qd2
Rxf6 35. Bxf8 Kxf8 36. Qxa5 Bxh3 37. Rd1 Kg7 38. Qc3 Be6 39. Rc1 Qa6 40. Rc2
Bf5 41. Rf2 Qd6 42. g4 Kg8 43. gxf5 Rxf5 44. Qe3 Re5 45. Qc1 Qd4 46. Qd1 Qf4
47. Qd2 Qg3+ 48. Bg2 h5 49. Qd8+ Kg7 50. Qf6+ Kh6 51. Qh8+ Kg5 52. Qf6+ Kh6 53.
Qxf7 Re1+ 54. Rf1 Qe3+ 55. Kh1 Rxf1+ 56. Qxf1 h4 57. Qf3 Qe1+ 58. Kh2 Qe5+ 59.
Kh3 g5 60. Qf8+ Kg6 61. Qg8+ Kh6 62. Qf8+ Kg6 63. Qf3 Kh6 64. Qc6+ Kg7 65. Qd7+
Kh6 66. Qd3 Qe6+ 67. Kh2 Qe5+ 68. Kh1 Qe1+ 69. Qf1 Qe5 70. a4 g4 71. a5 Qd6 72.
a6 h3 73. Bxh3 gxh3 74. Qxh3+ Kg7 75. Qg2+ Kf8 76. Qf3+ Ke7 77. a7 Qh6+ 78. Kg2
Qd2+ 79. Kf1 Qc1+ 80. Kf2 1-0